000 004230000a22001810004500
003 LK-CoMWRAF
008 230817t ||||| |||| 00| 0 eng d
040 _aLK-CoMWRAF
_dLK-CoMWRAF
_eLK-CoMWRAF
041 _aeng
082 _a420
_bETH
245 _aEthnic Studies report
_b
260 _aColombo
_bICES
_c1985
300 _ap.95
490 _aVol.III, No.1
650 _aSOCIOLOGY
650 _aSri Lanka
942 _cBK
999 _c2748
_d2748